Ethnic groups in Madagascar - Statistics

General Stats
  • This quiz has been taken 10 times
  • The average score is 6 of 21
Answer Stats
Family Population Ethnicity % Correct
Indo-European (Indo-Aryan)Dravidian (Southern) 150 k Indian
63%
Sino-Tibetan (Sinitic) 100 k Chinese
50%
Indo-European (Italic) 25 k French
50%
Austronesian (Bornean)Niger-Congo (Bantu) 2.08 million Sakalava
50%
Austronesian (Bornean)Afroasiatic (Cushitic) 1.4 million Antemoro
38%
Austronesian (Bornean) 5 million Merina
38%
Austronesian (Bornean) 254 k Antaifasy
25%
Austronesian (Bornean)Afroasiatic (Semitic) 118 k Antambahoaka
25%
Austronesian (Bornean) 788 k Antandroy
25%
Austronesian (Bornean) 913 k Antanosy
25%
Austronesian (Bornean)Niger-Congo (Bantu) 1.02 million Bara
25%
Austronesian (Bornean)Niger-Congo (Bantu) 4.36 million Betsileo
25%
Austronesian (Bornean)Niger-Congo (Bantu) 1.5 million Betsimisaraka
25%
Austronesian (Bornean) 2.47 million Tsimihety
25%
Austronesian (Bornean)Austronesian (Malayo-Polynesian) 221 k Antakarana
13%
Austronesian (Bornean)Niger-Congo (Bantu) 1.97 million Antesaka
13%
Austronesian (Bornean) 257 k Bezanozano
13%
Austronesian (Bornean)Niger-Congo (Bantu) 600 k Mahafaly
13%
Austronesian (Bornean)Niger-Congo (Bantu) 695 k Sihanaka
13%
Austronesian (Bornean)Afroasiatic (Semitic) 1.55 million Tanala
13%
Niger-Congo (Bantu) 600 k Makua
0%
No matching quizzes found
Score Distribution
Percent of People with Each Score
Percentile by Number Answered
Your Score History
You have not taken this quiz